000 00426nam a2200193Ia 4500
001 14413
003 GE_BSU
008 181216s||||||||xx |||||||||||||| ||und||
020 _a014009203X
040 _cGE_BSU
100 _aEllis,Alice Thomas
245 _aUnexplained Laughter
260 _aNew York
260 _bPenguin Books
260 _c1985
300 _a155p.20cm.
653 _aUnexplained Laughter
942 _cBK
999 _c47549
_d47549